000 00550nam a2200169Ia 4500
008 090201s9999 xx 000 0 und d
010 _aKPL-44613
040 _bमराठी
041 _aमराठी
082 _a31819
_b44613
100 _aतारा भवाळकर
245 _aलोकनागर रंगभुमी
_cतारा भवाळकर
260 _c2004
_bनीहारा प्रकाशन
300 _a152
_bमोठा
600 _aलोकनागर रंगभुमी
942 _cBOOK
999 _c230218
_d230218